[Event "8. Arber-Schachopen 2019"]
[Site "Bodenmais"]
[Date "2019.08.01"]
[Round "6.23"]
[White "Kolb, Wolfgang"]
[Black "Kiwitz, Henri"]
[Result "1-0"]
[WhiteElo "2099"]
[BlackElo "1755"]
[Annotator "NA"]
[PlyCount "89"]
[EventDate "2019.07.27"]
[EventCountry "GER"]
[SourceTitle "playchess.com"]
[Source "ChessBase"]
[SourceQuality "1"]
[TimeControl "40/5400+30:1800+30"]

1. c4 {[%emt 0:00:00]} Nf6 {[%emt 0:00:00]} 2. g3 {[%emt 0:00:00]} e6 {[%emt 0:00:16]} 3. Nf3 {[%emt 0:00:01]} d5 {[%emt 0:00:06]} 4. b3 {[%emt 0:00:05]} Be7 {[%emt 0:00:07]} 5. Bg2 {[%emt 0:00:26]} O-O {[%emt 0:00:07]} 6. Bb2 {[%emt 0:00:03]} b6 {[%emt 0:00:05]} 7. O-O {[%emt 0:00:08]} c5 {[%emt 0:00:09]} 8. e3 {[%emt 0:00:39]} Nc6 {[%emt 0:00:22]} 9. Nc3 {[%emt 0:02:46]} Ba6 {[%emt 0:00:39]} 10. d3 {[%emt 0:02:31]} Rc8 {[%emt 0:00:39]} 11. Qe2 {[%emt 0:01:38]} Qd7 {[%emt 0:00:50]} 12. Rfd1 {[%emt 0:04:25]} Rfd8 {[%emt 0:00:28]} 13. Rac1 {[%emt 0:26:43]} Qb7 {[%emt 0:00:30]} 14. a4 {[%emt 0:15:07]} Qb8 {[%emt 0:04:38]} 15. Nb5 {[%emt 0:01:50]} h6 {[%emt 0:11:33]} 16. Bc3 {[%emt 0:04:21]} Bb7 {[%emt 0:05:34]} 17. Qb2 {[%emt 0:03:03]} a6 {[%emt 0:01:03]} 18. Na3 {[%emt 0:00:13]} d4 {[%emt 0:00:57]} 19. exd4 {[%emt 0:02:26]} Nxd4 {[%emt 0:09:18]} 20. Bxd4 {[%emt 0:01:30]} cxd4 {[%emt 0:00:14]} 21. Re1 {[%emt 0:06:30]} Qa8 {[%emt 0:04:24]} 22. Nh4 {[%emt 0:01:35]} Bxg2 {[%emt 0:07:35]} 23. Nxg2 {[%emt 0:00:01]} Qf3 {[%emt 0:01:08]} 24. Rcd1 {[%emt 0:14:07]} Ng4 {[%emt 0:01:37]} 25. Nb1 {[%emt 0:00:04]} Bb4 {[%emt 0:02:11]} 26. Qe2 {[%emt 0:00:50]} Qf5 {[%emt 0:02:32]} 27. Nh4 {[%emt 0:03:40]} Qa5 {[%emt 0:24:16]} 28. Nd2 {[%emt 0:02:54]} Rc5 {[%emt 0:11:03]} 29. Qxg4 {[%emt 0:01:56]} Bxd2 {[%emt 0:00:10]} 30. Re2 {[%emt 0:00:03]} Rg5 {[%emt 0:05:51]} 31. Qe4 {[%emt 0:00:52]} Bc3 {[%emt 0:00:31]} 32. Nf3 {[%emt 0:00:28]} Rc5 {[%emt 0:00:20]} 33. Ne5 {[%emt 0:00:47]} f5 {[%emt 0:01:26]} 34. Qh4 {[%emt 0:00:08]} Rxe5 {[%emt 0:01:55]} 35. Qxd8+ {[%emt 0:01:51]} Kh7 {[%emt 0:00:06]} 36. Rxe5 {[%emt 0:01:13]} Qxe5 {[%emt 0:00:05]} 37. Qxb6 {[%emt 0:00:06]} Qe2 {[%emt 0:00:07]} 38. Rf1 {[%emt 0:00:09]} e5 {[%emt 0:01:29]} 39. Qe6 {[%emt 0:01:30]} Qxd3 {[%emt 0:03:28]} 40. Qxe5 {[%emt 0:01:46]} Qc2 {[%emt 0:00:10]} 41. c5 {[%emt 0:31:20]} Bb4 {[%emt 0:01:31]} 42. Qxd4 {[%emt 0:00:00]} Bxc5 {[%emt 0:00:10]} 43. Qc4 {[%emt 0:00:00]} Qxc4 {[%emt 0:00:34]} 44. bxc4 {[%emt 0:00:00]} Kg6 {[%emt 0:00:15]} 45. Rd1 {[%emt 0:00:00]} 1-0

[Event "8. Arber-Schachopen 2019"]
[Site "Bodenmais"]
[Date "2019.08.01"]
[Round "6.24"]
[White "Malditz, Dieter"]
[Black "Beulertz, Stefan"]
[Result "0-1"]
[WhiteElo "1869"]
[BlackElo "2033"]
[Annotator "NA"]
[PlyCount "80"]
[EventDate "2019.07.27"]
[EventCountry "GER"]
[SourceTitle "playchess.com"]
[Source "ChessBase"]
[SourceQuality "1"]
[TimeControl "40/5400+30:1800+30"]

1. d4 {[%emt 0:00:00]} e6 {[%emt 0:00:00]} 2. c4 {[%emt 0:00:52]} Bb4+ {[%emt 0:03:11]} 3. Nd2 {[%emt 0:01:13]} Nf6 {[%emt 0:00:18]} 4. a3 {[%emt 0:00:11]} Be7 {[%emt 0:00:17]} 5. Ngf3 {[%emt 0:01:02]} d5 {[%emt 0:06:07]} 6. e3 {[%emt 0:01:19]} b6 {[%emt 0:05:14]} 7. Bd3 {[%emt 0:07:01]} c5 {[%emt 0:00:31]} 8. O-O {[%emt 0:00:26]} Bb7 {[%emt 0:02:15]} 9. b3 {[%emt 0:02:52]} O-O {[%emt 0:04:17]} 10. Bb2 {[%emt 0:02:08]} Nbd7 {[%emt 0:02:10]} 11. Qe2 {[%emt 0:03:13]} Ne4 {[%emt 0:01:58]} 12. Ne5 {[%emt 0:05:50]} Nxe5 {[%emt 0:13:55]} 13. dxe5 {[%emt 0:00:46]} Nxd2 {[%emt 0:06:08]} 14. Qxd2 {[%emt 0:02:48]} dxc4 {[%emt 0:00:10]} 15. bxc4 {[%emt 0:00:13]} Qc7 {[%emt 0:02:51]} 16. Qc2 {[%emt 0:00:32]} g6 {[%emt 0:01:34]} 17. Be4 {[%emt 0:17:32]} Bc6 {[%emt 0:03:39]} 18. Rad1 {[%emt 0:02:09]} Rfd8 {[%emt 0:00:33]} 19. f4 {[%emt 0:09:11]} Qb7 {[%emt 0:06:04]} 20. Bxc6 {[%emt 0:01:03]} Qxc6 {[%emt 0:00:04]} 21. Bc3 {[%emt 0:04:22]} a6 {[%emt 0:09:38]} 22. a4 {[%emt 0:09:15]} Rab8 {[%emt 0:03:12]} 23. h4 {[%emt 0:07:12]} Bxh4 {[%emt 0:02:41]} 24. Rd6 {[%emt 0:00:49]} Qc7 {[%emt 0:01:51]} 25. a5 Be7 {[%emt 0:00:55]} 26. axb6 {[%emt 0:03:53]} Qc8 {[%emt 0:04:06]} 27. Rfd1 {[%emt 0:01:55]} f5 {[%emt 0:07:47]} 28. b7 {[%emt 0:05:30]} Rxb7 {[%emt 0:00:48]} 29. Rxa6 {[%emt 0:01:26]} Rbd7 {[%emt 0:02:14]} 30. Rxd7 {[%emt 0:02:45]} Qxd7 {[%emt 0:00:21]} 31. Ba5 {[%emt 0:02:14]} Rb8 {[%emt 0:04:23]} 32. Bb6 {[%emt 0:02:51]} Rb7 {[%emt 0:02:06]} 33. Ra8+ {[%emt 0:00:24]} Kg7 {[%emt 0:00:16]} 34. Ba5 {[%emt 0:00:26]} Qc6 {[%emt 0:00:52]} 35. Bd8 {[%emt 0:02:09]} Rd7 {[%emt 0:00:59]} 36. Bxe7 {[%emt 0:01:02]} Qxa8 {[%emt 0:00:12]} 37. Bxc5 {[%emt 0:00:51]} Qa1+ {[%emt 0:00:16]} 38. Kh2 {[%emt 0:00:09]} Rd1 {[%emt 0:00:19]} 39. Bd4 {[%emt 0:01:05]} Rh1+ {[%emt 0:00:16]} 40. Kg3 {[%emt 0:00:00]} h5 0-1

[Event "8. Arber-Schachopen 2019"]
[Site "Bodenmais"]
[Date "2019.08.01"]
[Round "6.25"]
[White "Peglau, Mirjam"]
[Black "Glaser, Max"]
[Result "1/2-1/2"]
[WhiteElo "1759"]
[BlackElo "1949"]
[Annotator "NA"]
[PlyCount "27"]
[EventDate "2019.07.27"]
[EventCountry "GER"]
[SourceTitle "playchess.com"]
[Source "ChessBase"]
[SourceQuality "1"]
[TimeControl "40/5400+30:1800+30"]

1. e4 {[%emt 0:00:00]} e5 {[%emt 0:00:00]} 2. Nc3 {[%emt 0:00:00]} Nf6 {[%emt 0:00:00]} 3. Bc4 {[%emt 0:00:10]} Bc5 {[%emt 0:00:01]} 4. d3 {[%emt 0:00:36]} Nc6 {[%emt 0:02:01]} 5. Be3 {[%emt 0:01:22]} Bxe3 {[%emt 0:01:28]} 6. fxe3 {[%emt 0:00:02]} Na5 {[%emt 0:06:08]} 7. Bb3 O-O {[%emt 0:03:32]} 8. Nf3 {[%emt 0:02:08]} Nxb3 {[%emt 0:00:28]} 9. axb3 {[%emt 0:00:03]} Qe7 {[%emt 0:00:46]} 10. Qd2 {[%emt 0:02:33]} c6 {[%emt 0:00:09]} 11. O-O d5 {[%emt 0:07:27]} 12. exd5 {[%emt 0:06:06]} cxd5 {[%emt 0:00:36]} 13. Rae1 {[%emt 0:13:17]} Bd7 {[%emt 0:07:20]} 14. e4 {[%emt 0:01:41]} 1/2-1/2

[Event "8. Arber-Schachopen 2019"]
[Site "Bodenmais"]
[Date "2019.08.01"]
[Round "6.26"]
[White "Strangmueller, Andreas"]
[Black "Peglau, Charis"]
[Result "0-1"]
[WhiteElo "1968"]
[BlackElo "1540"]
[Annotator "NA"]
[PlyCount "104"]
[EventDate "2019.07.27"]
[EventCountry "GER"]
[SourceTitle "playchess.com"]
[Source "ChessBase"]
[SourceQuality "1"]
[TimeControl "40/5400+30:1800+30"]

1. d4 {[%emt 0:00:00]} d5 {[%emt 0:00:00]} 2. c4 {[%emt 0:00:00]} dxc4 {[%emt 0:00:03]} 3. Nf3 {[%emt 0:01:02]} Nf6 {[%emt 0:00:37]} 4. e3 {[%emt 0:02:45]} Bf5 {[%emt 0:02:24]} 5. Bxc4 {[%emt 0:03:11]} e6 {[%emt 0:01:43]} 6. O-O {[%emt 0:27:58]} Be7 {[%emt 0:01:14]} 7. Nc3 {[%emt 0:05:37]} Nbd7 {[%emt 0:02:56]} 8. Re1 {[%emt 0:13:30]} Nb6 {[%emt 0:00:17]} 9. Bb3 {[%emt 0:06:38]} O-O {[%emt 0:04:03]} 10. Ne5 {[%emt 0:12:02]} c5 {[%emt 0:07:23]} 11. e4 {[%emt 0:01:35]} Bg6 {[%emt 0:01:16]} 12. Nxg6 {[%emt 0:06:42]} hxg6 {[%emt 0:00:09]} 13. Be3 {[%emt 0:06:21]} cxd4 {[%emt 0:01:33]} 14. Bxd4 {[%emt 0:00:03]} Rc8 {[%emt 0:00:32]} 15. Rc1 {[%emt 0:03:47]} Bb4 {[%emt 0:06:01]} 16. a3 {[%emt 0:01:02]} Be7 {[%emt 0:01:00]} 17. Be3 {[%emt 0:01:21]} Qxd1 {[%emt 0:02:26]} 18. Rexd1 {[%emt 0:00:31]} Rfd8 {[%emt 0:01:19]} 19. Rxd8+ {[%emt 0:02:50]} Rxd8 {[%emt 0:02:01]} 20. f3 {[%emt 0:00:05]} Rc8 {[%emt 0:02:40]} 21. Kf2 {[%emt 0:01:45]} Bc5 {[%emt 0:01:55]} 22. Bxc5 {[%emt 0:00:34]} Rxc5 {[%emt 0:00:07]} 23. Rd1 {[%emt 0:00:56]} Kf8 {[%emt 0:01:47]} 24. Rd8+ {[%emt 0:01:06]} Ke7 {[%emt 0:00:22]} 25. Rb8 {[%emt 0:00:02]} Rc7 {[%emt 0:01:22]} 26. Nb5 {[%emt 0:00:02]} Rd7 {[%emt 0:00:13]} 27. Nxa7 {[%emt 0:00:37]} Rd2+ {[%emt 0:01:05]} 28. Ke3 {[%emt 0:00:02]} Rxb2 {[%emt 0:01:25]} 29. Rxb7+ {[%emt 0:00:02]} Nfd7 {[%emt 0:01:44]} 30. Nc6+ {[%emt 0:02:23]} Kd6 {[%emt 0:00:35]} 31. Na5 {[%emt 0:00:07]} Rxg2 {[%emt 0:02:46]} 32. h4 {[%emt 0:00:47]} Rh2 {[%emt 0:01:06]} 33. Nc4+ {[%emt 0:00:12]} Nxc4+ {[%emt 0:00:14]} 34. Bxc4 {[%emt 0:00:01]} Rxh4 {[%emt 0:01:06]} 35. Bb5 {[%emt 0:00:25]} Ne5 {[%emt 0:00:47]} 36. a4 {[%emt 0:00:19]} Rh3 {[%emt 0:00:59]} 37. Be2 {[%emt 0:00:40]} Kc6 {[%emt 0:00:37]} 38. Re7 {[%emt 0:01:02]} Kb6 {[%emt 0:01:16]} 39. Kf4 {[%emt 0:00:25]} Rh5 {[%emt 0:01:18]} 40. Kg3 {[%emt 0:00:55]} g5 {[%emt 0:04:26]} 41. f4 {[%emt 0:04:10]} gxf4+ {[%emt 0:00:00]} 42. Kxf4 {[%emt 0:00:02]} Ng6+ {[%emt 0:00:01]} 43. Kg4 {[%emt 0:03:19]} Rh4+ {[%emt 0:02:01]} 44. Kg3 {[%emt 0:00:12]} Rxe4 {[%emt 0:01:47]} 45. Rxf7 {[%emt 0:01:32]} Rxe2 {[%emt 0:00:11]} 46. Rxg7 {[%emt 0:00:04]} Ne5 {[%emt 0:01:54]} 47. Re7 {[%emt 0:01:56]} Nd3 {[%emt 0:00:47]} 48. Kf3 {[%emt 0:00:22]} Re5 {[%emt 0:01:25]} 49. Rd7 {[%emt 0:01:15]} Nc5 {[%emt 0:00:53]} 50. Re7 {[%emt 0:00:42]} Nxa4 {[%emt 0:00:43]} 51. Kf4 {[%emt 0:00:11]} Re1 {[%emt 0:00:12]} 52. Kg5 {[%emt 0:00:29]} Kc6 {[%emt 0:01:09]} 0-1

[Event "8. Arber-Schachopen 2019"]
[Site "Bodenmais"]
[Date "2019.08.02"]
[Round "7.1"]
[White "Mirzoev, Emil"]
[Black "Milov, Leonid"]
[Result "1/2-1/2"]
[WhiteElo "2493"]
[BlackElo "2472"]
[Annotator "TA"]
[PlyCount "33"]
[EventDate "2019.07.27"]
[EventCountry "GER"]
[SourceTitle "playchess.com"]
[Source "ChessBase"]
[SourceQuality "1"]

{[%evp 11,33,-12,28,24,27,20,14,3,6,6,16,15,15,0,0,-28,0,0,10,0,64,75,151,152]} 1. d4 d5 2. Nf3 Nf6 3. c4 c6 4. e3 Bf5 5. Nc3 e6 6. Qb3 Qc7 7. Nh4 {D12: Slav Defence: 3 Nf3 Nf6 4 e3 Bf5} Bg6 8. h3 Nbd7 9. Be2 {The position is equal.} Nb6 10. cxd5 exd5 11. Nxg6 hxg6 12. Bd2 Be7 13. Rc1 a5 {[#]} 14. Qc2 $146 ({Predecessor:} 14. Bd3 a4 {½-½ (32) Aronian,L (2648)-Dreev,A (2682) Reykjavik 2004}) 14... Qd7 15. Qb3 a4 (15... Qd8 $11) 16. Qxb6 $14 Bd8 ({Black should try} 16... O-O) 17. Qb4 {Accuracy: White = 53%, Black = 26%.} 1/2-1/2

[Event "8. Arber-Schachopen 2019"]
[Site "Bodenmais"]
[Date "2019.08.02"]
[Round "7.2"]
[White "Poetz, Florian"]
[Black "Delchev, Aleksander"]
[Result "1/2-1/2"]
[WhiteElo "2389"]
[BlackElo "2571"]
[Annotator "TA"]
[PlyCount "102"]
[EventDate "2019.07.27"]
[EventCountry "GER"]
[SourceTitle "playchess.com"]
[Source "ChessBase"]
[SourceQuality "1"]

{[%evp 9,102,20,21,18,18,18,22,20,19,27,23,16,33,0,50,0,0,0,53,-171,-132,-132,-66,-141,0,0,36,-7,-6,-6,-2,-105,-95,-286,-289,-190,-212,-367,-116,-129,-118,-120,-70,-132,-113,-120,-124,-112,-46,-46,-58,-57,-43,-45,-53,-51,-43,-40,-44,-42,-35,-39,-26,-37,-29,-28,-5,-12,-4,-32,0,-47,-47,-47,-47,-47,-47,-50,-15,-15,-16,-39,-8,-8,0,0,0,0,0,0,0,0,0,0,0]} 1. e4 c6 2. d4 d5 3. e5 c5 4. dxc5 e6 5. Nf3 Bxc5 6. Bd3 {B12: Caro-Kann: Advance Variation} Nc6 7. O-O (7. a3 Nge7 8. b4 Bb6 9. O-O Ng6 10. Bb2 O-O 11. Re1 f6 12. exf6 gxf6 13. c4 dxc4 14. Bxc4 Qxd1 15. Rxd1 {½-½ (39) Karjakin,S (2753)-Adhiban,B (2683) Astana 2019}) 7... f6 8. exf6 Nxf6 9. c4 O-O 10. Nc3 h6 11. a3 a6 12. b4 Ba7 $1 13. Bb2 {[#]} Qc7 $146 (13... Ng4 $1 $11) ({Predecessor:} 13... Ng4 14. cxd5 Nce5 15. Be4 Nxf2 16. Rxf2 Ng4 17. Qe2 Nxf2 18. Kf1 Nxe4 19. Qxe4 Qb6 {0-1 (19) Pokazanjev,N (2442)-Kokarev,D (2582) Novokuznetsk 2008}) 14. Rc1 $2 (14. cxd5 $14 {stays ahead.} exd5 15. Nxd5 $1 {[%mdl 512]} Nxd5 16. Bc4) 14... Ng4 {( -> ...Rxf3!)} 15. g3 Qf7 (15... Nce5 $17 16. Be2 (16. Nxe5 Nxf2 17. Bh7+ Kxh7 $17) 16... dxc4) 16. Be2 (16. c5 $1 $15) 16... Rd8 $2 (16... dxc4 $17 {Threatens to win with ...Qh5.} 17. Ne4 b5) 17. cxd5 $14 exd5 18. Na4 (18. b5 $5 {[%cal Rb5c6]} Nce5 19. bxa6 bxa6 20. Na4 $11) 18... Nf6 19. Nc5 Bh3 $36 {[%mdl 2048] With the idea ...Bxc5. Black has the initiative.} 20. Re1 (20. Bxf6 $1 $11 {remains equal.} Qxf6 21. Nxb7) 20... Ne4 21. Qd3 $2 (21. Bd4 $17) 21... Bxc5 $19 22. bxc5 Rf8 23. Bd4 $2 (23. Bd1 {was worth a try.}) 23... Bg4 $2 (23... Rae8 $1 $19 {and Black stays clearly on top.} 24. Be3 Bg4) 24. Nh4 $17 Nxf2 25. Bxf2 Qxf2+ 26. Kh1 {[#]} Rae8 $1 27. Qxd5+ Be6 28. Qg2 {[#]} Qxg2+ (28... Qd4 $1 $17 {Strongly threatening ...Bd5.} 29. Red1 Qe3) 29. Nxg2 $15 Bd5 {White must now prevent ...Rf2.} 30. Kg1 $1 Nd4 31. Bh5 Nf3+ 32. Bxf3 $1 Bxf3 33. Rxe8 Rxe8 {[%mdl 4096] Endgame KRB-KRN} 34. Kf2 Bc6 35. Ne3 Rf8+ 36. Ke1 Rf3 37. Ke2 Rf6 38. Nc4 Rf5 39. Nd6 Rf3 40. Nxb7 {[%mdl 64] Remove Defender} Bxb7 41. c6 {[#]} Bxc6 $1 {[%mdl 512]} 42. Rxc6 Rxa3 {KR-KR} 43. Kf2 $1 Ra2+ 44. Kf3 a5 45. Ra6 Kf7 46. h4 {The position is equal.} a4 47. Ra7+ Kf6 48. Ra6+ Kf5 49. Ra5+ Ke6 50. Ra7 Kf6 51. Ra6+ Ke5 {Accuracy: White = 60%, Black = 38%.} 1/2-1/2

[Event "8. Arber-Schachopen 2019"]
[Site "Bodenmais"]
[Date "2019.08.02"]
[Round "7.4"]
[White "Bogdanov, Egor"]
[Black "Hopman, Pieter"]
[Result "1-0"]
[WhiteElo "2407"]
[BlackElo "2347"]
[Annotator "ChessBase"]
[PlyCount "73"]
[EventDate "2019.07.27"]
[EventCountry "GER"]
[SourceTitle "playchess.com"]
[Source "ChessBase"]
[SourceQuality "1"]
[TimeControl "40/5400+30:1800+30"]

1. e4 {[%emt 0:00:00]} d6 {[%emt 0:00:00]} 2. d4 {[%emt 0:00:00]} Nf6 {[%emt 0:00:00]} 3. Nc3 {[%emt 0:00:00]} e5 {[%emt 0:00:00]} 4. Nge2 {[%emt 0:00:00]} c6 {[%emt 0:00:00]} 5. g3 {[%emt 0:01:43]} Be7 {[%emt 0:00:56]} 6. Bg2 {[%emt 0:00:07]} O-O {[%emt 0:00:08]} 7. O-O {[%emt 0:00:49]} b5 {[%emt 0:03:14]} 8. a3 {[%emt 0:00:51]} a5 {[%emt 0:01:33]} 9. h3 Ba6 {[%emt 0:00:26]} 10. b4 {[%emt 0:04:55]} Bc8 {[%emt 0:00:40]} 11. Be3 {[%emt 0:06:59]} Nbd7 {[%emt 0:01:06]} 12. d5 {[%emt 0:11:43]} Bb7 {[%emt 0:06:10]} 13. Qd3 {[%emt 0:03:37]} Qb8 {[%emt 0:00:06]} 14. g4 {[%emt 0:01:19]} Rc8 {[%emt 0:00:56]} 15. g5 {[%emt 0:01:15]} Nh5 {[%emt 0:03:54]} 16. h4 cxd5 {[%emt 0:08:17]} 17. Nxd5 {[%emt 0:11:52]} Bxd5 {[%emt 0:01:00]} 18. Qxd5 {[%emt 0:00:08]} Nb6 {[%emt 0:03:53]} 19. Qxb5 {[%emt 0:01:33]} Nc4 {[%emt 0:00:19]} 20. Qxb8 {[%emt 0:00:54]} Raxb8 {[%emt 0:00:25]} 21. Bf3 {[%emt 0:01:03]} Nf4 {[%emt 0:01:27]} 22. Nxf4 {[%emt 0:12:11]} Nxe3 {[%emt 0:00:20]} 23. fxe3 {[%emt 0:01:18]} exf4 {[%emt 0:00:06]} 24. exf4 {[%emt 0:06:54]} axb4 {[%emt 0:00:22]} 25. axb4 {[%emt 0:00:15]} Rxb4 {[%emt 0:00:08]} 26. Ra2 {[%emt 0:00:44]} d5 {[%emt 0:00:30]} 27. Bg4 {[%emt 0:09:46]} Rd8 {[%emt 0:07:02]} 28. e5 {[%emt 0:01:43]} h6 {[%emt 0:01:37]} 29. Bf5 {[%emt 0:02:38]} hxg5 {[%emt 0:06:54]} 30. hxg5 {[%emt 0:00:05]} g6 {[%emt 0:04:42]} 31. Bd3 {[%emt 0:00:28]} Bc5+ {[%emt 0:10:54]} 32. Kg2 {[%emt 0:00:08]} Kf8 {[%emt 0:00:15]} 33. Kf3 {[%emt 0:03:38]} Bb6 {[%emt 0:02:31]} 34. Rh1 {[%emt 0:01:06]} Kg7 {[%emt 0:01:00]} 35. Ra6 {[%emt 0:03:29]} Re8 {[%emt 0:01:16]} 36. Rh6 {[%emt 0:00:43]} Rb1 {[%emt 0:01:09]} 37. f5 1-0

[Event "8. Arber-Schachopen 2019"]
[Site "Bodenmais"]
[Date "2019.08.02"]
[Round "7.5"]
[White "Woelk, Tom-Frederic"]
[Black "Peng, Li Min"]
[Result "0-1"]
[WhiteElo "2229"]
[BlackElo "2466"]
[Annotator "ChessBase"]
[PlyCount "90"]
[EventDate "2019.07.27"]
[EventCountry "GER"]
[SourceTitle "playchess.com"]
[Source "ChessBase"]
[SourceQuality "1"]
[TimeControl "40/5400+30:1800+30"]

1. d4 {[%emt 0:00:00]} d5 {[%emt 0:00:00]} 2. c4 {[%emt 0:00:00]} dxc4 {[%emt 0:00:00]} 3. e4 {[%emt 0:00:54]} Nc6 {[%emt 0:00:12]} 4. d5 {[%emt 0:05:04]} Ne5 {[%emt 0:00:10]} 5. Bxc4 {[%emt 0:01:54]} Nxc4 {[%emt 0:01:01]} 6. Qa4+ {[%emt 0:00:12]} c6 {[%emt 0:00:15]} 7. Qxc4 {[%emt 0:00:14]} cxd5 {[%emt 0:09:47]} 8. exd5 {[%emt 0:00:48]} a6 {[%emt 0:00:02]} 9. Nf3 {[%emt 0:11:43]} Nf6 {[%emt 0:01:46]} 10. Nc3 {[%emt 0:01:04]} b5 {[%emt 0:07:13]} 11. Qd4 {[%emt 0:01:14]} Bb7 {[%emt 0:11:23]} 12. a4 {[%emt 0:18:15]} Nxd5 {[%emt 0:04:46]} 13. axb5 {[%emt 0:00:20]} Nxc3 {[%emt 0:02:35]} 14. Qxc3 {[%emt 0:02:26]} Rc8 {[%emt 0:02:58]} 15. Qe5 {[%emt 0:06:31]} Qd3 {[%emt 0:01:17]} 16. bxa6 {[%emt 0:01:34]} Bxa6 {[%emt 0:13:10]} 17. Qe3 {[%emt 0:03:06]} Qb5 {[%emt 0:00:02]} 18. Nd4 {[%emt 0:05:13]} Qb7 {[%emt 0:06:35]} 19. Qf3 {[%emt 0:13:13]} e5 {[%emt 0:05:33]} 20. Qxb7 {[%emt 0:00:42]} Bxb7 {[%emt 0:00:02]} 21. Nf3 {[%emt 0:00:25]} f6 {[%emt 0:04:00]} 22. O-O {[%emt 0:02:02]} Kf7 {[%emt 0:04:41]} 23. Be3 {[%emt 0:00:37]} Be7 {[%emt 0:03:32]} 24. Rfc1 {[%emt 0:01:28]} Bd5 {[%emt 0:00:24]} 25. Nd2 {[%emt 0:01:20]} Rxc1+ {[%emt 0:00:10]} 26. Rxc1 {[%emt 0:00:01]} Rb8 {[%emt 0:00:00]} 27. Rc2 {[%emt 0:00:49]} Ke6 {[%emt 0:01:11]} 28. f3 {[%emt 0:00:31]} f5 {[%emt 0:01:27]} 29. g3 {[%emt 0:02:04]} g5 {[%emt 0:02:50]} 30. Kf1 {[%emt 0:01:26]} Ra8 {[%emt 0:02:38]} 31. Bc5 {[%emt 0:01:17]} Ra1+ {[%emt 0:00:05]} 32. Kf2 {[%emt 0:00:27]} Bf6 {[%emt 0:00:10]} 33. b4 {[%emt 0:06:01]} Rh1 {[%emt 0:05:49]} 34. Kg2 {[%emt 0:00:13]} Rd1 {[%emt 0:00:01]} 35. Kf2 {[%emt 0:00:29]} Rh1 {[%emt 0:00:16]} 36. Kg2 {[%emt 0:00:06]} Rd1 {[%emt 0:00:03]} 37. Kf2 {[%emt 0:00:06]} Bd8 {[%emt 0:03:08]} 38. Be3 {[%emt 0:11:50]} h5 {[%emt 0:03:25]} 39. Rb2 {[%emt 0:02:02]} f4 {[%emt 0:03:18]} 40. Bc5 {[%emt 0:00:13]} g4 {[%emt 0:00:23]} 41. gxf4 {[%emt 0:23:06]} exf4 {[%emt 0:01:10]} 42. Kg2 {[%emt 0:02:55]} Bh4 {[%emt 0:02:52]} 43. Bf2 {[%emt 0:03:10]} Bf6 {[%emt 0:00:16]} 44. Rc2 {[%emt 0:00:05]} gxf3+ {[%emt 0:00:08]} 45. Kh3 {[%emt 0:00:54]} Ke5 0-1

[Event "8. Arber-Schachopen 2019"]
[Site "Bodenmais"]
[Date "2019.08.02"]
[Round "7.6"]
[White "Bensch, Patrick"]
[Black "Kolb, Wolfgang"]
[Result "1-0"]
[WhiteElo "2197"]
[BlackElo "2099"]
[Annotator "ChessBase"]
[PlyCount "71"]
[EventDate "2019.07.27"]
[EventCountry "GER"]
[SourceTitle "playchess.com"]
[Source "ChessBase"]
[SourceQuality "1"]
[TimeControl "40/5400+30:1800+30"]

1. c4 {[%emt 0:08:23]} c5 {[%emt 0:00:00]} 2. Nf3 {[%emt 0:00:37]} Nc6 {[%emt 0:00:00]} 3. Nc3 {[%emt 0:01:18]} g6 4. d4 {[%emt 0:07:50]} cxd4 {[%emt 0:01:05]} 5. Nxd4 {[%emt 0:00:03]} Bg7 {[%emt 0:00:11]} 6. Nc2 {[%emt 0:00:19]} d6 {[%emt 0:03:10]} 7. e4 {[%emt 0:07:22]} Nf6 {[%emt 0:01:05]} 8. Be2 {[%emt 0:00:25]} O-O {[%emt 0:00:19]} 9. O-O {[%emt 0:00:16]} b6 {[%emt 0:05:53]} 10. Bg5 {[%emt 0:05:08]} Bb7 {[%emt 0:07:55]} 11. Qd2 {[%emt 0:05:08]} Rc8 {[%emt 0:01:32]} 12. f3 {[%emt 0:09:35]} Re8 {[%emt 0:24:51]} 13. Rac1 {[%emt 0:03:50]} Ne5 {[%emt 0:07:39]} 14. b3 {[%emt 0:04:01]} Qc7 {[%emt 0:02:48]} 15. Rfd1 {[%emt 0:03:36]} Qb8 {[%emt 0:03:56]} 16. Nb4 {[%emt 0:05:13]} Ned7 {[%emt 0:04:54]} 17. Nbd5 {[%emt 0:04:08]} Nxd5 {[%emt 0:02:27]} 18. Nxd5 {[%emt 0:04:15]} Bxd5 {[%emt 0:04:50]} 19. cxd5 {[%emt 0:10:00]} Kf8 {[%emt 0:03:33]} 20. Bb5 {[%emt 0:02:10]} Red8 {[%emt 0:00:16]} 21. Bc6 {[%emt 0:06:45]} Ne5 {[%emt 0:05:09]} 22. b4 {[%emt 0:01:32]} Rc7 {[%emt 0:09:22]} 23. b5 {[%emt 0:00:29]} Nd7 {[%emt 0:00:09]} 24. Qf2 {[%emt 0:01:39]} Nc5 {[%emt 0:00:30]} 25. Qh4 {[%emt 0:01:11]} h5 {[%emt 0:00:40]} 26. Rc4 {[%emt 0:04:16]} f6 {[%emt 0:01:11]} 27. Be3 {[%emt 0:00:29]} Kf7 {[%emt 0:00:24]} 28. f4 {[%emt 0:00:56]} Rh8 {[%emt 0:00:16]} 29. Rf1 {[%emt 0:00:54]} Qc8 {[%emt 0:00:17]} 30. f5 {[%emt 0:01:03]} Bh6 {[%emt 0:02:20]} 31. fxg6+ {[%emt 0:00:40]} Kxg6 {[%emt 0:00:36]} 32. Bxh6 {[%emt 0:00:31]} Rxh6 {[%emt 0:00:48]} 33. Rc3 {[%emt 0:00:51]} Kh7 {[%emt 0:02:26]} 34. Rf5 {[%emt 0:00:20]} Qf8 {[%emt 0:01:07]} 35. Rxh5 {[%emt 0:00:37]} Nd7 {[%emt 0:03:48]} 36. Rh3 {[%emt 0:00:29]} 1-0